000 00787nam a2200289Ia 4500
001 Z_4828
003 CHAP
008 220113s1988 xx 000 0 und d
010 _a167881
040 _cCHAP
082 _a636.08 R4
100 _aReunión de Investigación Pecuaria en México (1988 : México, D. F.)
_9142140
245 _aMemoria /
_cSARH. UNAM
260 _aMéxico, D. F. :
_bLa Secretaria,
_c1988
300 _a136 p.
440 _a
500 _a
503 _a
650 _aGanadería
_xCongresos I. México. Secretaría de Agricultura y Recursos Hidráulicos II. UNAM. III. t.
_9137988
650 _aGanadería
_xInvestigación
_xMéxico
_9137364
901 _a636.08 R4
902 _aA
910 _a1988
942 _c1
942 _cc1
999 _c167881
_d167881